000 00523nam a2200217Ia 4500
003 OSt
005 20220924151830.0
006 a|||||r|||| 00| 0
007 ta
008 220923b |||||||| |||| 00| 0 mar d
024 _a339289
037 _cTextual
040 _aARTS
_cARTS
_bmar
041 _2mar
_amar
082 _aA, 155K2
100 _aKoregar N.V.
_9225070
245 0 _aViganachi vaatchaal
260 _c1962
942 _hA, 155K2
_cTEXL
_2CC
999 _c467805
_d467805